000
00352 a2200169 4500
001
186822
020
_a
978-85-329-0345-2-7
040
_c
Magnum
100
_a
Azevedo, Alexandre
240
1
0
_a
Você já viu?
_l
por
245
1
0
_a
Você já viu?
300
_a
19
362
0
_a
2010
440
1
_a
Lê
697
_a
LITERATURA INFANTIL
942
_c
BK
999
_c
186822
_d
186822